<?xml version="1.0" encoding="UTF-8"?>
<record
    xmlns:xsi="http://www.w3.org/2001/XMLSchema-instance"
    xsi:schemaLocation="http://www.loc.gov/MARC21/slim http://www.loc.gov/standards/marcxml/schema/MARC21slim.xsd"
    xmlns="http://www.loc.gov/MARC21/slim">

  <leader>01564nam2a2200265   4500</leader>
  <controlfield tag="001">RU\NLR\BIBL_A\022321156</controlfield>
  <controlfield tag="005">20260426065625.0</controlfield>
  <datafield tag="010" ind1=" " ind2=" ">
    <subfield code="a">978-5-00187-910-7</subfield>
    <subfield code="9">300</subfield>
  </datafield>
  <datafield tag="021" ind1=" " ind2=" ">
    <subfield code="a">RU</subfield>
    <subfield code="b">&#x41A;&#x41D;-&#x41F;-24-043996</subfield>
    <subfield code="9">&#x41A;&#x41D;-&#x41F;-24-4380</subfield>
  </datafield>
  <datafield tag="035" ind1=" " ind2=" ">
    <subfield code="a">(NLR Aleph) 022321156</subfield>
  </datafield>
  <datafield tag="090" ind1=" " ind2=" ">
    <subfield code="a">13690960</subfield>
    <subfield code="c">13690960</subfield>
  </datafield>
  <datafield tag="100" ind1=" " ind2=" ">
    <subfield code="a">20240912d2024    u  y0rusy50      ca</subfield>
  </datafield>
  <datafield tag="101" ind1="0" ind2=" ">
    <subfield code="a">rus</subfield>
  </datafield>
  <datafield tag="102" ind1=" " ind2=" ">
    <subfield code="a">RU</subfield>
  </datafield>
  <datafield tag="105" ind1=" " ind2=" ">
    <subfield code="a">a   z   000gy</subfield>
  </datafield>
  <datafield tag="200" ind1="0" ind2=" ">
    <subfield code="a">&#x412;&#x44B;&#x43F;. 3</subfield>
    <subfield code="f">&#x441;&#x43E;&#x441;&#x442;.: &#x413;. &#x41C;&#x430;&#x43A;&#x443;&#x448;&#x43A;&#x438;&#x43D;&#x430;</subfield>
  </datafield>
  <datafield tag="210" ind1=" " ind2=" ">
    <subfield code="d">2024</subfield>
  </datafield>
  <datafield tag="215" ind1=" " ind2=" ">
    <subfield code="a">187 &#x441;.</subfield>
    <subfield code="c">&#x438;&#x43B;.</subfield>
  </datafield>
  <datafield tag="327" ind1="0" ind2=" ">
    <subfield code="a">&#x421;&#x43E;&#x434;&#x435;&#x440;&#x436;.: &#x430;&#x432;&#x442;.: &#x41C;&#x430;&#x440;&#x44C;&#x44F;&#x43C; &#x410;&#x432;&#x435;&#x440;&#x438;&#x43D;&#x430;-&#x41A;&#x430;&#x44E;&#x43C;&#x43E;&#x432;&#x430;, &#x410;&#x438;&#x434;&#x430; &#x410;&#x43A;&#x443;&#x43B;&#x43E;&#x432;&#x430;, &#x41E;&#x43B;&#x435;&#x441;&#x44F; &#x410;&#x43B;&#x430;&#x431;&#x443;&#x436;&#x438;&#x43D;&#x430;, &#x415;&#x43A;&#x430;&#x442;&#x435;&#x440;&#x438;&#x43D;&#x430; &#x410;&#x43B;&#x451;&#x448;&#x438;&#x43D;&#x430;, &#x410;&#x43D;&#x43D;&#x430; &#x410;&#x43D;&#x434;&#x438;&#x43C;, &#x417;&#x438;&#x43D;&#x430;&#x438;&#x434;&#x430; &#x410;&#x445;&#x438;&#x434;&#x43E;&#x432;&#x430;, &#x418;&#x440;&#x438;&#x43D;&#x430; &#x411;&#x430;&#x431;&#x438;&#x43D;&#x430;, &#x41D;&#x438;&#x43A;&#x43E;&#x43B;&#x430;&#x439; &#x438; &#x414;&#x430;&#x440;&#x44C;&#x44F; &#x411;&#x435;&#x440;&#x441;&#x435;&#x43D;&#x44C;, &#x415;&#x43B;&#x435;&#x43D;&#x430; &#x411;&#x43E;&#x433;&#x43E;&#x43C;&#x43E;&#x43B;&#x43E;&#x432;&#x430;, &#x421;&#x432;&#x435;&#x442;&#x43B;&#x430;&#x43D;&#x430; &#x411;&#x43E;&#x440;&#x437;&#x43E;&#x432;&#x430; [&#x438; &#x434;&#x440;.]</subfield>
  </datafield>
  <datafield tag="461" ind1=" " ind2="0">
    <subfield code="1">001RU\NLR\BIBL_A\012856743</subfield>
    <subfield code="1">2001#$a&#x41F;&#x440;&#x43E;100 &#x434;&#x435;&#x442;&#x44F;&#x43C;$e&#x441;&#x442;&#x438;&#x445;&#x43E;&#x442;&#x432;&#x43E;&#x440;&#x435;&#x43D;&#x438;&#x44F; &#x434;&#x43B;&#x44F; &#x434;&#x435;&#x442;&#x435;&#x439;$e&#x441;&#x431;&#x43E;&#x440;&#x43D;&#x438;&#x43A;$f&#x441;&#x43E;&#x441;&#x442;.: &#x42E;. &#x418;. &#x420;&#x443;&#x449;&#x430;&#x43A;, &#x41C;. &#x412;. &#x421;&#x43E;&#x441;&#x435;&#x434;&#x43A;&#x43E;$g[&#x445;&#x443;&#x434;&#x43E;&#x436;&#x43D;&#x438;&#x43A;: &#x410;&#x43B;&#x438;&#x441;&#x430; &#x414;&#x44C;&#x44F;&#x447;&#x435;&#x43D;&#x43A;&#x43E;]$v&#x412;&#x44B;&#x43F;. 3</subfield>
    <subfield code="9">12444951</subfield>
    <subfield code="c">&#x41D;&#x43E;&#x432;&#x43E;&#x43A;&#x443;&#x437;&#x43D;&#x435;&#x446;&#x43A;</subfield>
    <subfield code="d">2021</subfield>
    <subfield code="f">&#x441;&#x43E;&#x441;&#x442;.: &#x42E;. &#x418;. &#x420;&#x443;&#x449;&#x430;&#x43A;, &#x41C;. &#x412;. &#x421;&#x43E;&#x441;&#x435;&#x434;&#x43A;&#x43E;</subfield>
    <subfield code="n">&#x421;&#x43E;&#x44E;&#x437; &#x43F;&#x438;&#x441;&#x430;&#x442;&#x435;&#x43B;&#x435;&#x439;</subfield>
    <subfield code="o">&#x441;&#x442;&#x438;&#x445;&#x43E;&#x442;&#x432;&#x43E;&#x440;&#x435;&#x43D;&#x438;&#x44F; &#x434;&#x43B;&#x44F; &#x434;&#x435;&#x442;&#x435;&#x439; : &#x441;&#x431;&#x43E;&#x440;&#x43D;&#x438;&#x43A;</subfield>
    <subfield code="t">&#x41F;&#x440;&#x43E;100 &#x434;&#x435;&#x442;&#x44F;&#x43C;</subfield>
    <subfield code="v">&#x412;&#x44B;&#x43F;. 3</subfield>
  </datafield>
  <datafield tag="702" ind1=" " ind2="1">
    <subfield code="4">220</subfield>
    <subfield code="7">ca</subfield>
    <subfield code="8">rus</subfield>
    <subfield code="a">&#x41C;&#x430;&#x43A;</subfield>
    <subfield code="b">&#x413;.</subfield>
    <subfield code="c">&#x43F;&#x441;&#x435;&#x432;&#x434;&#x43E;&#x43D;&#x438;&#x43C;</subfield>
    <subfield code="g">&#x413;&#x430;&#x43B;&#x438;&#x43D;&#x430;</subfield>
    <subfield code="9">252317</subfield>
    <subfield code="3">RU\NLR\AUTH\770252373</subfield>
  </datafield>
  <datafield tag="942" ind1=" " ind2=" ">
    <subfield code="c">BOOK</subfield>
  </datafield>
  <datafield tag="980" ind1=" " ind2=" ">
    <subfield code="a">NB</subfield>
  </datafield>
</record>
